The burning room : (Record no. 55)

MARC details
000 -LEADER
fixed length control field 02194cam a22003733a 4500
005 - DATE AND TIME OF LATEST TRANSACTION
control field 20260322212004.0
008 - FIXED-LENGTH DATA ELEMENTS--GENERAL INFORMATION
fixed length control field data
010 ## - LIBRARY OF CONGRESS CONTROL NUMBER
LC control number 2017210715
020 ## - INTERNATIONAL STANDARD BOOK NUMBER
International Standard Book Number 9781455524181
Qualifying information (paperback)
020 ## - INTERNATIONAL STANDARD BOOK NUMBER
International Standard Book Number 1455524182
Qualifying information (paperback)
040 ## - CATALOGING SOURCE
Original cataloging agency YDXCP
Language of cataloging eng
Transcribing agency YDXCP
Modifying agency DLC
-- OCLCQ
-- BTCTA
-- TDS
-- OCLCO
-- OCLCF
-- OCLCO
-- OCLCQ
-- INR
-- GKJ
-- AZZPT
-- JHWCP
-- DLC
042 ## - AUTHENTICATION CODE
Authentication code lccopycat
050 00 - LIBRARY OF CONGRESS CALL NUMBER
Classification number CPB Box no. 3969 vol. 15
099 ## - LOCAL FREE-TEXT CALL NUMBER (OCLC)
Classification number CONNE M
001 - CONTROL NUMBER
control field data
100 1# - MAIN ENTRY--PERSONAL NAME
Personal name Connelly, Michael.
245 14 - TITLE STATEMENT
Title The burning room :
Remainder of title a novel /
Statement of responsibility, etc. Michael Connelly & Copyright Paperback Collection (Library of Congress).
250 ## - EDITION STATEMENT
Edition statement First oversize mass market edition.
264 #1 - PRODUCTION, PUBLICATION, DISTRIBUTION, MANUFACTURE, AND COPYRIGHT NOTICE
Place of production, publication, distribution, manufacture New York, NY :
Name of producer, publisher, distributor, manufacturer Vision,
Date of production, publication, distribution, manufacture, or copyright notice 2014.
300 ## - PHYSICAL DESCRIPTION
Extent 501 p. ;
Dimensions 19 cm.
490 0# - SERIES STATEMENT
Series statement A Bosch novel
500 ## - GENERAL NOTE
General note Includes excerpt from The Crossing.
520 ## - SUMMARY, ETC.
Summary, etc. "In the LAPD's Open-Unsolved Unit, not many murder victims die a decade after the crime. So when a man succumbs to complications from being shot by a stray bullet ten years earlier, Bosch catches a case in which the body is still fresh, but any other clues are virtually nonexistent. Now Bosch and his new partner, Detective Lucia Soto, are tasked with solving a murder that turns out to be highly charged and politically sensitive. Beginning with the bullet that has been lodged for years in the victim's spine, they must pull new leads from years-old evidence, and these soon reveal that the shooting was anything but random. When their work starts to threaten careers and lives, Bosch and Soto must decide whether it's worth risking everything to find the truth, or if it's safer to let some secrets stay buried."--Page [4] cover.
650 #0 - SUBJECT ADDED ENTRY--TOPICAL TERM
Topical term or geographic name entry element Cold cases (Criminal investigation)
Form subdivision Fiction.
650 #0 - SUBJECT ADDED ENTRY--TOPICAL TERM
Topical term or geographic name entry element Murder
General subdivision Investigation
Form subdivision Fiction.
650 #0 - SUBJECT ADDED ENTRY--TOPICAL TERM
Topical term or geographic name entry element Police
Geographic subdivision Los Angeles
-- Los Angeles
Form subdivision Fiction.
650 #0 - SUBJECT ADDED ENTRY--TOPICAL TERM
Topical term or geographic name entry element Los Angeles (Calif.)
Form subdivision Fiction.
650 #0 - SUBJECT ADDED ENTRY--TOPICAL TERM
Topical term or geographic name entry element Cold cases (Criminal investigation)
Form subdivision Fiction.
650 #0 - SUBJECT ADDED ENTRY--TOPICAL TERM
Topical term or geographic name entry element Murder
General subdivision Investigation
Form subdivision Fiction.
650 #0 - SUBJECT ADDED ENTRY--TOPICAL TERM
Topical term or geographic name entry element Police
Geographic subdivision Los Angeles
-- Los Angeles
General subdivision Fiction.
651 #0 - SUBJECT ADDED ENTRY--GEOGRAPHIC NAME
Geographic name Los Angeles (Calif)
General subdivision Fiction.
655 #7 - INDEX TERM--GENRE/FORM
Genre/form data or focus term Mystery fiction.
Source of term gsafd
710 2# - ADDED ENTRY--CORPORATE NAME
Corporate name or jurisdiction name as entry element Copyright Paperback Collection (Library of Congress)
Institution to which field applies DLC
Holdings
Withdrawn status Lost status Damaged status Not for loan Home library Current library Shelving location Date acquired Total checkouts Full call number Barcode Date last seen Price effective from Koha item type
        Union Union General stacks 22/03/2026   CPB Box no. 3969 vol. 15 BC0010055 22/03/2026 22/03/2026 Books